000 00698nam a2200265Ia 4500
005 20260121170531.0
008 008 260114s9999 xx 000 0 eng d
020 _a9783319737706
037 _aEBOOK
040 _aCRL
040 _beng
040 _cCRL
041 _2eng
041 _aeng
084 _qCRL
100 _aGeraldine Rauch, Svenja Schüler, Meinhard Kieser
_91065071
245 0 _aPlanning and Analyzing Clinical Trials with Composite Endpoints
260 _bSpringer
260 _bSpringer
260 _c2017
856 _uhttps://link.springer.com/openurl?genre=book&isbn=978-3-319-73770-6
942 _cEBOOK
999 _c1630801
_d1630801